Tests of life; (Record no. 2800)

MARC details
000 -LEADER
fixed length control field 00472nam a22001697a 4500
005 - DATE AND TIME OF LATEST TRANSACTION
control field 20181018172911.0
008 - FIXED-LENGTH DATA ELEMENTS--GENERAL INFORMATION
fixed length control field 181018b ||||| |||| 00| 0 eng d
020 ## - INTERNATIONAL STANDARD BOOK NUMBER
International Standard Book Number 0847404501
040 ## - CATALOGING SOURCE
Transcribing agency DLC
082 ## - DEWEY DECIMAL CLASSIFICATION NUMBER
Classification number 227.94
Item number E643T
100 ## - MAIN ENTRY--PERSONAL NAME
Personal name Epp, Theodore H
245 ## - TITLE STATEMENT
Title Tests of life;
Remainder of title studies in the general epistles of John
Statement of responsibility, etc. Theodore H. Epp
260 ## - PUBLICATION, DISTRIBUTION, ETC.
Place of publication, distribution, etc. Nebraska
Name of publisher, distributor, etc. Back to the Bible
Date of publication, distribution, etc. 1957
300 ## - PHYSICAL DESCRIPTION
Extent 126p,;
650 ## - SUBJECT ADDED ENTRY--TOPICAL TERM
General subdivision Bible.--Epistles of John
942 ## - ADDED ENTRY ELEMENTS (KOHA)
Source of classification or shelving scheme Dewey Decimal Classification
Koha item type Books
Holdings
Withdrawn status Lost status Source of classification or shelving scheme Damaged status Not for loan Collection code Home library Current library Shelving location Date acquired Cost, normal purchase price Total Checkouts Full call number Barcode Date last seen Price effective from Koha item type
    Dewey Decimal Classification     Non-fiction Harvest Mission College Harvest Mission College General Stacks 18.10.2018 140.00   227.94 E643T 003077 18.10.2018 18.10.2018 Books

OPAC Designed and Maintained by HMC Library Team.
Copyright © HMC Library,Greater Noida, UP.
For any Suggestions/Query Contact library via Email:libhmc@gmail.com